000 01184nam a2200325Ia 4500
001 ebr10275729
003 CaPaEBR
006 m u
007 cr cn|||||||||
008 070803s2008 inua s 001 0 eng d
010 _z 2007032142
020 _z0470127287
020 _z9780470127285
040 _aCaPaEBR
_cCaPaEBR
035 _a(OCoLC)608623400
050 1 4 _aTK5105.875.I6
_bC345 2008eb
100 1 _aCallahan, C. A.,
_d1967-
245 1 0 _aMastering Windows SharePoint Services 3.0
_h[electronic resource] /
_cC.A. Callahan.
260 _aIndianapolis, Ind. :
_bWiley Pub.,
_cc2008.
300 _axxxiii, 1067 p. :
_bill.
490 1 _aSerious skills
500 _aIncludes index.
533 _aElectronic reproduction.
_bPalo Alto, Calif. :
_cebrary,
_d2011.
_nAvailable via World Wide Web.
_nAccess may be limited to ebrary affiliated libraries.
650 0 _aIntranets (Computer networks)
650 0 _aWeb servers.
655 7 _aElectronic books.
_2local
710 2 _aebrary, Inc.
830 0 _aSerious skills.
856 4 0 _uhttp://site.ebrary.com/lib/rucke/Doc?id=10275729
_zAn electronic book accessible through the World Wide Web; click to view
999 _c20848
_d20848